<?xml version="1.0" encoding="UTF-8"?>
<record
    xmlns:xsi="http://www.w3.org/2001/XMLSchema-instance"
    xsi:schemaLocation="http://www.loc.gov/MARC21/slim http://www.loc.gov/standards/marcxml/schema/MARC21slim.xsd"
    xmlns="http://www.loc.gov/MARC21/slim">

  <leader>02412nam a2200337 i 4500</leader>
  <controlfield tag="003">DO-SdBNP</controlfield>
  <controlfield tag="005">20250410121828.0</controlfield>
  <controlfield tag="007">ta</controlfield>
  <controlfield tag="008">250410b2024    dr ||||| |||| 00| 0 spa d</controlfield>
  <datafield tag="020" ind1=" " ind2=" ">
    <subfield code="a">9789945510768</subfield>
  </datafield>
  <datafield tag="040" ind1=" " ind2=" ">
    <subfield code="a">DO-SdBNP</subfield>
    <subfield code="b">spa</subfield>
    <subfield code="c">BNPHU </subfield>
    <subfield code="e">rda</subfield>
  </datafield>
  <datafield tag="041" ind1=" " ind2=" ">
    <subfield code="a">spa</subfield>
  </datafield>
  <datafield tag="082" ind1=" " ind2="4">
    <subfield code="a">0</subfield>
    <subfield code="b">L979d</subfield>
    <subfield code="2">22</subfield>
  </datafield>
  <datafield tag="245" ind1="0" ind2="4">
    <subfield code="a">Luz desde el dolor y la esperanza :</subfield>
    <subfield code="b">relatos de narradores b&#xFA;lgaros /</subfield>
    <subfield code="c">selecci&#xF3;n y pr&#xF3;logo de Hristo Slavov ; traducci&#xF3;n de Mar&#xED;a V&#xFA;tova ; presentaci&#xF3;n &#xC1;ngela Hern&#xE1;ndez N&#xFA;&#xF1;ez ; correcci&#xF3;n Mar&#xED;a del Carmen Vicente, Apolinar Liz Rodr&#xED;guez y Modesto Cuesta.</subfield>
  </datafield>
  <datafield tag="250" ind1=" " ind2=" ">
    <subfield code="a">Primera edici&#xF3;n </subfield>
  </datafield>
  <datafield tag="264" ind1=" " ind2="4">
    <subfield code="a">Santo Domingo, Rep&#xFA;blica Dominicana :</subfield>
    <subfield code="b">Editora Nacional,</subfield>
    <subfield code="c">&#xA9;2024</subfield>
  </datafield>
  <datafield tag="300" ind1=" " ind2=" ">
    <subfield code="a">162 p&#xE1;ginas :</subfield>
    <subfield code="c">23 cm. </subfield>
  </datafield>
  <datafield tag="336" ind1=" " ind2=" ">
    <subfield code="a">texto</subfield>
    <subfield code="b">txt</subfield>
    <subfield code="2">rdacontent</subfield>
  </datafield>
  <datafield tag="337" ind1=" " ind2=" ">
    <subfield code="a">sin mediaci&#xF3;n</subfield>
    <subfield code="b">n</subfield>
    <subfield code="2">rdamedia </subfield>
  </datafield>
  <datafield tag="338" ind1=" " ind2=" ">
    <subfield code="a">volumen  </subfield>
    <subfield code="b">nc</subfield>
    <subfield code="2">rdacarrier </subfield>
  </datafield>
  <datafield tag="500" ind1=" " ind2=" ">
    <subfield code="a">Incluye datos biogr&#xE1;ficos de los autores  </subfield>
  </datafield>
  <datafield tag="505" ind1=" " ind2=" ">
    <subfield code="t">Presentaci&#xF3;n / </subfield>
    <subfield code="r">&#xC1;ngela Hern&#xE1;ndez N&#xFA;&#xF1;ez, 9 --</subfield>
    <subfield code="t">Pr&#xF3;logo. Luz desde el dolor y la esperanza / </subfield>
    <subfield code="r">Hristo Slavov, 13 --</subfield>
    <subfield code="t">&#xBF;Ya viene? / </subfield>
    <subfield code="r">Iv&#xE1;n V&#xE1;zov, 17 --</subfield>
    <subfield code="t">Las campanas enmudecidas / </subfield>
    <subfield code="r">El&#xED;n Pel&#xED;n, 27 --</subfield>
    <subfield code="t">Siguiendo el cable / </subfield>
    <subfield code="r">Yord&#xE1;n Y&#xF3;vkov, 33 --</subfield>
    <subfield code="t">Dedico /</subfield>
    <subfield code="r">Matvey V&#xE1;lev, 41 --</subfield>
    <subfield code="t">La dama de los ojos de rayos X /</subfield>
    <subfield code="r">Svetoslav M&#xED;nkov, 47 --</subfield>
    <subfield code="t">&#xC1;guilas / </subfield>
    <subfield code="r">Anguel Karaliychev, 57 --</subfield>
    <subfield code="t">Noches de lobo /</subfield>
    <subfield code="r">Emiliy&#xE1;n St&#xE1;nev, 65 --</subfield>
    <subfield code="t">El cuerno de cabra / </subfield>
    <subfield code="r">Nikolay Haytov, 73 --</subfield>
    <subfield code="t">Marzo / </subfield>
    <subfield code="r">Gueorgui Bozh&#xED;nov, 83 --</subfield>
    <subfield code="t">La ocarina rota / </subfield>
    <subfield code="r">Stanislav Sivr&#xED;ev, 91 --</subfield>
    <subfield code="t">&#xA1;Mata a la mosca! / </subfield>
    <subfield code="r">Yord&#xE1;n Rad&#xED;chkov, 95 --</subfield>
    <subfield code="t">Retrato para la eternidad / </subfield>
    <subfield code="r">Doncho Ts&#xF3;nchev, 105 --</subfield>
    <subfield code="t">El anticuario / </subfield>
    <subfield code="r">V&#xE9;sela Lyutsk&#xE1;nova, 113 --</subfield>
    <subfield code="t">Concierto / </subfield>
    <subfield code="r">Gueorgui Chatalb&#xE1;shev, 117 --</subfield>
    <subfield code="t">Sopa de rosas / </subfield>
    <subfield code="r">Dim&#xED;tar Sh&#xFA;mnaliev, 123 --</subfield>
    <subfield code="t">iQu&#xE9; p&#xE1;jaro ni qu&#xE9; p&#xE1;jaro! /</subfield>
    <subfield code="r">Emil Izmirl&#xED;ev, 129 --</subfield>
    <subfield code="t">El rostro de mi abuela / </subfield>
    <subfield code="r">Lyudmila Androvska, 133 --</subfield>
    <subfield code="t">Alguien sacar&#xE1; una extra&#xF1;a conclusi&#xF3;n /</subfield>
    <subfield code="r">Hristo Slavov, 139 --</subfield>
    <subfield code="t">Sangre de topo /</subfield>
    <subfield code="r">Zdravka Evt&#xED;mova, 145 --</subfield>
    <subfield code="t">Datos biogr&#xE1;ficos de los autores, 149.</subfield>
  </datafield>
  <datafield tag="590" ind1=" " ind2=" ">
    <subfield code="a">Inventariado, 2025 /LP</subfield>
  </datafield>
  <datafield tag="700" ind1="1" ind2=" ">
    <subfield code="a">Slavov, Hristo,</subfield>
    <subfield code="e">prologuista</subfield>
    <subfield code="4">pr.</subfield>
    <subfield code="9">87412</subfield>
  </datafield>
  <datafield tag="700" ind1="1" ind2=" ">
    <subfield code="a">V&#xFA;tova, Mar&#xED;a,</subfield>
    <subfield code="e">traductor</subfield>
    <subfield code="4">tr.</subfield>
    <subfield code="9">87414</subfield>
  </datafield>
  <datafield tag="700" ind1="1" ind2=" ">
    <subfield code="a">Vicente, Mar&#xED;a del Carmen,</subfield>
    <subfield code="e">correcci&#xF3;n </subfield>
    <subfield code="4">corr.</subfield>
    <subfield code="9">57201</subfield>
  </datafield>
  <datafield tag="700" ind1="1" ind2=" ">
    <subfield code="a">Liz Rodr&#xED;guez, Apolinar,</subfield>
    <subfield code="e">correcci&#xF3;n</subfield>
    <subfield code="4">corr.</subfield>
    <subfield code="9">84877</subfield>
  </datafield>
  <datafield tag="700" ind1="1" ind2=" ">
    <subfield code="a">Cuesta, Modesto,</subfield>
    <subfield code="e">correcci&#xF3;n</subfield>
    <subfield code="4">corr.</subfield>
    <subfield code="9">3209</subfield>
  </datafield>
  <datafield tag="910" ind1=" " ind2=" ">
    <subfield code="a">Lp</subfield>
  </datafield>
  <datafield tag="942" ind1=" " ind2=" ">
    <subfield code="2">ddc</subfield>
    <subfield code="c">LBS1</subfield>
  </datafield>
  <datafield tag="952" ind1=" " ind2=" ">
    <subfield code="0">0</subfield>
    <subfield code="1">0</subfield>
    <subfield code="2">ddc</subfield>
    <subfield code="5">1</subfield>
    <subfield code="7">0</subfield>
    <subfield code="8">PD</subfield>
    <subfield code="a">BNPHU</subfield>
    <subfield code="b">BNPHU</subfield>
    <subfield code="c">CT</subfield>
    <subfield code="d">2024-11-15</subfield>
    <subfield code="e">Dep&#xF3;sito Legal</subfield>
    <subfield code="l">0</subfield>
    <subfield code="o">0 L979d</subfield>
    <subfield code="p">2025-1390</subfield>
    <subfield code="r">2025-03-04</subfield>
    <subfield code="w">2025-03-04</subfield>
    <subfield code="y">LBS1</subfield>
  </datafield>
  <datafield tag="952" ind1=" " ind2=" ">
    <subfield code="0">0</subfield>
    <subfield code="1">0</subfield>
    <subfield code="2">ddc</subfield>
    <subfield code="5">1</subfield>
    <subfield code="7">0</subfield>
    <subfield code="8">PD</subfield>
    <subfield code="a">BNPHU</subfield>
    <subfield code="b">BNPHU</subfield>
    <subfield code="c">CT</subfield>
    <subfield code="d">2024-11-15</subfield>
    <subfield code="e">Dep&#xF3;sito Legal</subfield>
    <subfield code="l">0</subfield>
    <subfield code="o">0 L979d</subfield>
    <subfield code="p">2025-1391</subfield>
    <subfield code="r">2025-03-04</subfield>
    <subfield code="t">e.2</subfield>
    <subfield code="w">2025-03-04</subfield>
    <subfield code="y">LBS1</subfield>
  </datafield>
  <datafield tag="952" ind1=" " ind2=" ">
    <subfield code="0">0</subfield>
    <subfield code="1">0</subfield>
    <subfield code="2">ddc</subfield>
    <subfield code="5">6</subfield>
    <subfield code="7">0</subfield>
    <subfield code="8">DS</subfield>
    <subfield code="a">BNPHU</subfield>
    <subfield code="b">BNPHU</subfield>
    <subfield code="c">CT</subfield>
    <subfield code="d">2024-11-15</subfield>
    <subfield code="e">Dep&#xF3;sito Legal</subfield>
    <subfield code="l">0</subfield>
    <subfield code="o">0 L979d</subfield>
    <subfield code="p">2025-1392</subfield>
    <subfield code="r">2025-03-04</subfield>
    <subfield code="t">e.3</subfield>
    <subfield code="w">2025-03-04</subfield>
    <subfield code="y">LBS1</subfield>
  </datafield>
  <datafield tag="999" ind1=" " ind2=" ">
    <subfield code="c">58286</subfield>
    <subfield code="d">58286</subfield>
  </datafield>
</record>
